[Event "Hennebont Grand Prix"]
[Site "Hennebont"]
[Date "2006.08.06"]
[Round "5"]
[White "Havelka, Georges"]
[Black "Ababou, Alexandre"]
[Result "0-1"]
[WhiteElo "1860"]
[BlackElo "1410"]
[PlyCount "114"]
[EventDate "2006.08.05"]
[EventType "swiss"]
[EventRounds "7"]
[EventCountry "FRA"]
[SourceTitle "EXT 2007"]
[Source "ChessBase"]
[SourceDate "2006.11.23"]
[SourceVersion "1"]
[SourceVersionDate "2006.11.23"]
[SourceQuality "1"]

1. d4 Nf6 2. Bf4 e6 3. e3 Be7 4. Nd2 Nc6 5. c3 d5 6. Bd3 Bd6 7. Bg3 Ne7 8. Ngf3 Ng6 9. Qc2 b6 10. Ne5 Bb7 11. Bb5+ Ke7 12. Ndf3 c5 13. Bc6 Qc7 14. Nxg6+ hxg6 15. Bxd6+ Kxd6 16. Bxb7 Qxb7 17. Ne5 Ke7 18. 0-0 Nd7 19. Nf3 c4 20. Rfe1 f5 21. Nd2 Qc7 22. Nf1 Rh6 23. f3 Nf6 24. Re2 Rah8 25. Rae1 Rxh2 26. g3 Rxe2 27. Rxe2 g5 28. Rh2 Qb8 29. Qa4 Rxh2 30. Kxh2 g4 31. Nd2 Kf7 32. Kg2 Qh8 33. fxg4 fxg4 34. Nf1 Qb8 35. Qc6 Ne4 36. Qa4 Kf6 37. Qd1 Kg5 38. Qa4 Qf8 39. Qc2 Qf3+ 40. Kg1 Nxg3 41. Qg2 Qxf1+ 42. Qxf1 Nxf1 43. Kxf1 Kf5 44. Kf2 b5 45. a3 a5 46. Kg3 e5 47. Kf2 e4 48. Kg3 Kg5 49. Kg2 Kh4 50. Kh2 g3+ 51. Kg2 Kg4 52. Kg1 Kf3 53. Kf1 g5 54. Kg1 g4 55. Kf1 g2+ 56. Kg1 Kg3 57. b4 cxb3 0-1

[Event "Hennebont Grand Prix"]
[Site "Hennebont"]
[Date "2006.08.05"]
[Round "3"]
[White "Havelka, Georges"]
[Black "Le Montagner, Yoann"]
[Result "0-1"]
[WhiteElo "1860"]
[BlackElo "2021"]
[PlyCount "92"]
[EventDate "2006.08.05"]
[EventType "swiss"]
[EventRounds "7"]
[EventCountry "FRA"]
[SourceTitle "EXT 2007"]
[Source "ChessBase"]
[SourceDate "2006.11.23"]
[SourceVersion "1"]
[SourceVersionDate "2006.11.23"]
[SourceQuality "1"]

1. d4 d5 2. Bf4 Nf6 3. e3 Bf5 4. Bd3 Bg6 5. Nf3 e6 6. c3 Bd6 7. Bg3 a6 8. Qc2 c5 9. Nbd2 Nc6 10. Ne5 Bxe5 11. dxe5 Nd7 12. f4 Qb6 13. Bxg6 hxg6 14. Nf3 c4 15. Nd4 Nc5 16. 0-0 Nxd4 17. exd4 Ne4 18. Be1 Ke7 19. h4 Qd8 20. g3 b5 21. a3 Qg8 22. Kg2 Qh7 23. Bf2 Qh5 24. Qd1 Qh7 25. Be3 Ra7 26. Rh1 a5 27. Qf3 Rb7 28. Ra2 Kd7 29. g4 Kc6 30. h5 b4 31. axb4 axb4 32. Bc1 gxh5 33. Rxh5 Qg8 34. cxb4 Rxh5 35. gxh5 Rxb4 36. Ra6+ Kc7 37. Qa3 Qb8 38. Ra7+ Rb7 39. Qa5+ Kd7 40. Ra8 Rxb2+ 41. Kf1 Rb5 42. Qa4 Qb6 43. Ra7+ Kc8 44. Be3 Rb1+ 45. Kg2 Qb2+ 46. Kf3 Rf1+ 0-1

[Event "Finistere-chB 0405"]
[Site "Finistere"]
[Date "2005.04.09"]
[Round "7"]
[White "Merlet, Louis"]
[Black "Havelka, Georges"]
[Result "0-1"]
[WhiteElo "1550"]
[BlackElo "1840"]
[PlyCount "108"]
[EventDate "2004.10.16"]
[EventType "swiss"]
[EventRounds "7"]
[EventCountry "FRA"]
[SourceTitle "EXT 2007"]
[Source "ChessBase"]
[SourceDate "2006.11.23"]
[SourceVersion "1"]
[SourceVersionDate "2006.11.23"]
[SourceQuality "1"]

1. d4 d5 2. c4 e5 3. dxe5 d4 4. Nf3 Nc6 5. a3 Nge7 6. Bg5 Be6 7. b3 Qd7 8. Ra2 h6 9. Bf4 Ng6 10. Bg3 Be7 11. h4 Nf8 12. Rd2 Rd8 13. e3 Bg4 14. Be2 Ne6 15. Nxd4 Bxe2 16. Nxe2 Qc8 17. 0-0 0-0 18. Qc1 Na5 19. Qb2 Nc5 20. Nd4 Ne4 21. Rd3 c5 22. b4 Nxc4 23. Qc2 Nxg3 24. fxg3 cxd4 25. exd4 Nb6 26. Rc3 Qb8 27. Qe4 Rd5 28. Rcf3 Qd8 29. e6 f6 30. Rd1 f5 31. Qd3 Bf6 32. Rf4 g5 33. Rg4 fxg4 34. Qg6+ Bg7 35. Re1 Qe7 36. Nc3 Rxd4 37. Ne4 Qe8 38. Nf6+ Rxf6 39. Qxe8+ Rf8 40. Qg6 Rd6 41. Rf1 Rxf1+ 42. Kxf1 Nd5 43. hxg5 hxg5 44. Qf7+ Kh8 45. e7 Rf6+ 46. Qxf6 Nxf6 47. Ke2 Kg8 48. Ke3 Kf7 49. e8Q+ Kxe8 50. a4 Kd7 51. Kd3 Kd6 52. Kc4 a6 53. b5 a5 54. b6 Kc6 0-1

[Event "Finistere-chB 0405"]
[Site "Finistere"]
[Date "2005.01.15"]
[Round "4"]
[White "Baron, Michel"]
[Black "Havelka, Georges"]
[Result "1/2-1/2"]
[WhiteElo "1610"]
[BlackElo "1820"]
[PlyCount "189"]
[EventDate "2004.10.16"]
[EventType "swiss"]
[EventRounds "7"]
[EventCountry "FRA"]
[SourceTitle "EXT 2007"]
[Source "ChessBase"]
[SourceDate "2006.11.23"]
[SourceVersion "1"]
[SourceVersionDate "2006.11.23"]
[SourceQuality "1"]

1. Nf3 d5 2. c4 e6 3. e3 Nf6 4. d4 c6 5. Bd2 Ne4 6. Bd3 Nxd2 7. Nbxd2 Nd7 8. 0-0 Be7 9. Rc1 0-0 10. c5 Re8 11. b4 a6 12. a4 Nf8 13. Ne5 f6 14. Nef3 Qc7 15. Re1 g6 16. e4 Kf7 17. Nf1 Bd7 18. Ng3 b5 19. a5 Kg7 20. Qd2 h6 21. Qe2 Qf4 22. Nf1 h5 23. g3 Qh6 24. Ne3 Bd8 25. Kh1 Bc7 26. Rg1 g5 27. e5 f5 28. Rce1 Bd8 29. Bb1 Kf7 30. Qd3 g4 31. Nh4 Bxh4 32. gxh4 Ke7 33. f3 Kd8 34. Ng2 Ng6 35. Rgf1 Kc7 36. f4 Qf8 37. Qg3 Qe7 38. Bd3 Rf8 39. Re2 Kb7 40. Ref2 Ka7 41. Bc2 Rab8 42. Bd3 Nh8 43. Be2 Nf7 44. Rb1 Nd8 45. Bf1 Nb7 46. Ra2 Qd8 47. Kg1 Qc7 48. Qc3 Rfd8 49. Rc1 Be8 50. Qb3 Qe7 51. Qc3 Bd7 52. Qe3 Rg8 53. Qg3 Bc8 54. Kh1 Nd8 55. Raa1 Nf7 56. Re1 Nh6 57. Ra3 Bd7 58. Ree3 Rh8 59. Qf2 g3 60. Rxg3 Rbg8 61. Be2 Be8 62. Rac3 Qh7 63. Rxg8 Rxg8 64. Rg3 Bg6 65. h3 Be8 66. Kh2 Bg6 67. Bf3 Nf7 68. Qe2 Rh8 69. Qe1 Qh6 70. Qe2 Kb8 71. Qd1 Kc7 72. Qe2 Kd7 73. Qd1 Ke7 74. Qe2 Rh7 75. Qd1 Nh8 76. Rg5 Nf7 77. Rg3 Kf8 78. Qe2 Kg7 79. Qd1 Kh8 80. Qe2 Qg7 81. Qd1 Kg8 82. Qe2 Kf8 83. Ne3 Qh6 84. Ng2 Rh8 85. Qe3 Qh7 86. Qe2 Nh6 87. Qd1 Rg8 88. Qe2 Ng4+ 89. Kg1 Bf7 90. Qe1 Rg7 91. Kh1 Qg8 92. hxg4 hxg4 93. Be2 Qh8 94. Qd1 Rh7 95. Kg1 1/2-1/2

[Event "Finistere-chT 0102"]
[Site "Finistere"]
[Date "2002.04.27"]
[Round "7.2"]
[White "Havelka, Georges"]
[Black "Guezennec, Franck"]
[Result "0-1"]
[WhiteElo "1730"]
[BlackElo "2040"]
[PlyCount "74"]
[EventDate "2001.??.??"]
[EventType "team"]
[EventRounds "7"]
[EventCountry "FRA"]
[SourceTitle "EXT 2003"]
[Source "ChessBase"]
[SourceDate "2002.11.25"]
[SourceVersion "1"]
[SourceVersionDate "2002.11.25"]
[SourceQuality "1"]

1. d4 e5 2. dxe5 f6 3. Nf3 Bc5 4. Qd5 Qe7 5. exf6 Nxf6 6. Qe5 Bxf2+ 7. Kd1 Qxe5 8. Nxe5 0-0 9. Bg5 Ne4 10. Bd2 Bd4 11. Nd3 Nc6 12. c3 Bb6 13. Be1 d5 14. Nd2 Bf5 15. h3 Rae8 16. g4 Nxd2 17. gxf5 Nc4 18. Bd2 Rxf5 19. Bg2 Be3 20. Be1 Bg5 21. Bf2 Rxf2 22. Bxd5+ Kh8 23. Bf3 Ne3+ 24. Ke1 Rxf3 25. exf3 Nc2+ 26. Kf2 Bh4+ 27. Kf1 Nxa1 28. Rh2 Re3 29. Rd2 Nc2 30. f4 Ne1 31. Ne5 Nxe5 32. fxe5 Nf3 33. Rd7 h6 34. Rxc7 Nd2+ 35. Kg1 Re1+ 36. Kg2 Re2+ 37. Kh1 Nf3 0-1

[Event "Finistere-chT 0102"]
[Site "Finistere"]
[Date "2002.03.16"]
[Round "6.3"]
[White "Havelka, Georges"]
[Black "Le Du, Michel"]
[Result "1/2-1/2"]
[WhiteElo "1730"]
[BlackElo "2049"]
[PlyCount "95"]
[EventDate "2001.??.??"]
[EventType "team"]
[EventRounds "7"]
[EventCountry "FRA"]
[SourceTitle "EXT 2003"]
[Source "ChessBase"]
[SourceDate "2002.11.25"]
[SourceVersion "1"]
[SourceVersionDate "2002.11.25"]
[SourceQuality "1"]

1. d4 g6 2. Bf4 d6 3. e3 Bg7 4. Nf3 Nf6 5. Nbd2 Nbd7 6. Be2 c6 7. c3 0-0 8. h4 Nh5 9. Bh2 f5 10. Ng5 Ndf6 11. Qb3+ d5 12. Be5 h6 13. Nh3 Kh7 14. Nf4 Nxf4 15. exf4 h5 16. Nf3 Bh6 17. Ng5+ Bxg5 18. hxg5 Nd7 19. Bxh5 Nxe5 20. Be2+ Kg7 21. dxe5 Qb6 22. Qxb6 axb6 23. a3 Be6 24. Kd2 Rh8 25. Bf3 Rxh1 26. Rxh1 Ra4 27. g3 Bf7 28. Bd1 Ra8 29. Ke3 Be6 30. f3 Bd7 31. Bc2 c5 32. Rh6 Be8 33. g4 e6 34. Rh2 Bd7 35. Rh6 Rd8 36. gxf5 exf5 37. Kd3 Be6 38. Ba4 d4 39. c4 Ra8 40. Bb5 Rd8 41. Rh2 Ra8 42. Rh1 Ra7 43. Ke2 Ra8 44. Kf2 Rd8 45. Rd1 Ra8 46. Rd3 Kf7 47. Rd1 Rd8 48. Rh1 1/2-1/2

[Event "Finistere-chT 0001"]
[Site "Finistere"]
[Date "2001.03.24"]
[Round "6.6"]
[White "Le Garrec, Maxime"]
[Black "Havelka, Georges"]
[Result "0-1"]
[WhiteElo "1590"]
[BlackElo "1820"]
[PlyCount "58"]
[EventDate "2000.??.??"]
[EventType "team"]
[EventRounds "7"]
[EventCountry "FRA"]
[SourceTitle "EXT 2003"]
[Source "ChessBase"]
[SourceDate "2002.11.25"]
[SourceVersion "1"]
[SourceVersionDate "2002.11.25"]
[SourceQuality "1"]

1. e4 Nf6 2. e5 Nd5 3. d4 d6 4. c4 Nb6 5. Bd3 dxe5 6. c5 N6d7 7. Nf3 exd4 8. Qc2 e6 9. b4 Nf6 10. 0-0 Nc6 11. Bb2 Nxb4 12. Qa4+ Nc6 13. Nxd4 Bd7 14. Nxc6 Bxc6 15. Bb5 Qd5 16. Bxc6+ Qxc6 17. Qxc6+ bxc6 18. Be5 Bxc5 19. Rc1 Bxf2+ 20. Kf1 Bb6 21. Rxc6 Kd7 22. Rc2 Nd5 23. Rd2 f6 24. Bb2 Ke7 25. g3 Rhd8 26. Nc3 Nxc3 27. Bxc3 Rxd2 28. Bxd2 Rd8 29. Rd1 Rd5 0-1